|
|
|
|
| LEADER |
00000cam a2200000 7i4500 |
| 001 |
0000012888 |
| 005 |
20080103.0 |
| 008 |
080103 |
| 020 |
|
|
|a 9833376665
|
| 090 |
0 |
0 |
|a 371.1023
|b ABD
|
| 100 |
0 |
|
|a Abdullah Hassan
|
| 245 |
1 |
0 |
|a Kemahiran interpersonal untuk guru
|c Abdullah Hassan dan Ainon Mohd
|
| 260 |
|
|
|a Selangor :
|b PTS Professional Publishing ,
|c 2006
|
| 440 |
|
|
|a Siri pembangunan profesion perguruan
|
| 650 |
|
0 |
|a Interpersonal relations
|
| 650 |
|
0 |
|a Teacher
|x Student relationships
|
| 700 |
0 |
|
|a Ainon Muhammad
|
| 710 |
1 |
|
|a Titl
|
| 999 |
|
|
|a 0000909766
|b Book
|c Adult Collection
|e Cawangan Bandar Tenggara
|
| 999 |
|
|
|a 0000923502
|b Book
|c Adult Collection
|e Cawangan Bukit Gambir
|
| 999 |
|
|
|a 0000923504
|b Book
|c Adult Collection
|e Cawangan Bukit Gambir
|
| 999 |
|
|
|a 0000933221
|b Book
|c Adult Collection
|e Cawangan Tangkak
|
| 999 |
|
|
|a 0001010389
|b Book
|c Adult Collection
|e Perbadanan Perpustakaan Awam Johor
|
| 999 |
|
|
|a 0001010390
|b Book
|c Adult Collection
|e Perbadanan Perpustakaan Awam Johor
|
| 999 |
|
|
|a 0001010391
|b Book
|c Adult Collection
|e Perbadanan Perpustakaan Awam Johor
|
| 999 |
|
|
|a 0001010392
|b Book
|c Adult Collection
|e Perbadanan Perpustakaan Awam Johor
|
| 999 |
|
|
|a 0001010393
|b Book
|c Adult Collection
|e Perbadanan Perpustakaan Awam Johor
|
| 999 |
|
|
|a 0001018850
|b Book
|c Adult Collection
|e Cawangan Mersing
|
| 999 |
|
|
|a 0001018851
|b Book
|c Adult Collection
|e Cawangan Mersing
|
| 999 |
|
|
|a 0001071298
|b Book
|c Adult Collection
|e Cawangan Tmn. Ungku Tun Aminah
|
| 999 |
|
|
|a 0001086107
|b Book
|c Adult Collection
|e Cawangan Bandar Penawar
|
| 999 |
|
|
|a 0001086108
|b Book
|c Adult Collection
|e Cawangan Kota Tinggi
|